Cirugía torácica / (Record no. 71820)

MARC details
000 -LEADER
campo de control de longitud fija 00710nam a2200217 i 4500
001 - NÚMERO DE CONTROL
campo de control 71820
003 - IDENTIFICADOR DE NÚMERO DE CONTROL
campo de control ES-MaACL
005 - FECHA Y HORA DE LA ÚLTIMA TRANSACCIÓN
campo de control 20230906171235.0
007 - CAMPO FIJO DE DESCRIPCIÓN FÍSICA--INFORMACIÓN GENERAL
campo de control de longitud fija t|
008 - DATOS DE LONGITUD FIJA--INFORMACIÓN GENERAL
campo de control de longitud fija 040819s1971 sp ||||1| spa d
100 1# - ENTRADA PRINCIPAL--NOMBRE DE PERSONA
Nombre de persona Gibbon, John H.
9 (RLIN) 56632
245 10 - MENCIÓN DEL TÍTULO
Título Cirugía torácica /
Mención de responsabilidad, etc. John H. Gibbon, David C. Sabiston, Frank C. Spencer ; [versión, A. Alix Trueba y N.G. Vega].
260 ## - PUBLICACIÓN, DISTRIBUCIÓN, ETC.
Lugar de publicación, distribución, etc. Barcelona :
Nombre del editor, distribuidor, etc. Salvat,
Fecha de publicación, distribución, etc. [1971]
300 ## - DESCRIPCIÓN FÍSICA
Extensión XX, 1015 p. :
Otras características físicas il. ;
Dimensiones 26 cm.
650 #4 - PUNTO DE ACCESO ADICIONAL DE MATERIA--TÉRMINO DE MATERIA
Término de materia o nombre geográfico como elemento de entrada Tórax-
Subdivisión general Cirugía.
9 (RLIN) 161633
700 1# - ENTRADA AGREGADA--NOMBRE PERSONAL
Nombre de persona Sabiston, David C.
9 (RLIN) 101208
700 1# - ENTRADA AGREGADA--NOMBRE PERSONAL
Nombre de persona Spencer, Frank C.
9 (RLIN) 107683
700 1# - ENTRADA AGREGADA--NOMBRE PERSONAL
Nombre de persona Alix Trueba, A.
9 (RLIN) 19945
700 1# - ENTRADA AGREGADA--NOMBRE PERSONAL
Nombre de persona González de Vega, Norberto.
9 (RLIN) 58576
852 ## - LOCALIZACIÓN
Ubicación ES-MaACL
Número de control de estantería C-37291
Holdings
Estatus retirado Estado de pérdida Estado de daño No para préstamo Biblioteca de origen Biblioteca actual Ubicación en estantería Fecha de adquisición Fuente de adquisición Total de préstamos Signatura topográfica completa Código de barras Visto por última vez Precio de reemplazo Tipo de ítem Koha
        Biblioteca del Ateneo de Madrid Biblioteca del Ateneo de Madrid Depósito 2 17/01/2008     C-37291 1075188 23/02/2023 23/02/2023 Libro impreso